LEADER 01171nam0-22003491i-450- 001 990004274420403321 005 20110216122620.0 010 $a88-7119-024-6 035 $a000427442 035 $aFED01000427442 035 $a(Aleph)000427442FED01 035 $a000427442 100 $a19990604d1988----km-y0itay50------ba 101 0 $afre 102 $aIT 105 $ay-------10--- 200 1 $a1.er Congrès mondial de sociologie du théâtre$eRome, 27-28-29 juin 1986$factes édités par Roger Deldime$gavec la collaboration de Elsa di Meo 210 $aRoma$cBulzoni$dc1988 215 $a526 p.$d21 cm 225 1 $aBiblioteca teatrale$v52 304 $aIn testa al front.: Università degli studi di Roma. Centro Teatro Ateneo 676 $a792.01$v22$zita 702 1$aDeldime,$bRoger 702 1$aDi Meo,$bElsa 710 12$aCongrès mondial de sociologie du théâtre,$d1.$f<1986 ;$eRoma>$0434994 801 0$aIT$bUNINA$gRICA$2UNIMARC 901 $aBK 912 $a990004274420403321 952 $a792.01 CONV ROMA 1986$bBibl.21259$fFLFBC 959 $aFLFBC 996 $a1.er Congrès mondial de sociologie du théâtre$9490146 997 $aUNINA LEADER 02604nam 22005413a 450 001 9910149667503321 005 20250203235647.0 010 $a9783943423099 024 7 $a10.15460/HUP.MFW.15.144 035 $a(CKB)3790000000064240 035 $a(OAPEN)1002425 035 $a(ScCtBLL)dd3b9084-a7c2-43f0-bdd2-33b9187069e6 035 $a(OCoLC)1163808123 035 $a(oapen)doab29422 035 $a(EXLCZ)993790000000064240 100 $a20250203i20142020 uu 101 0 $ager 135 $auuuuu---auuuu 181 $ctxt$2rdacontent 182 $cc$2rdamedia 183 $acr$2rdacarrier 200 00$aHeinrich Freiherr von Ohlendorff. Ein Hamburger Kaufmann im Spiegel der Tagebücher seiner Ehefrau Elisabeth$fHans Joachim Schröder$hVolume 15.0 210 $aHamburg$cHamburg University Press$d2014 210 1$aHamburg :$cHamburg University Press,$d2014. 215 $a1 online resource (1 p.) 225 1 $aMäzene für Wissenschaft 311 08$a9783943423099 311 08$a3943423093 330 $aHeinrich von Ohlendorff became one of Hamburg's richest merchants by trading with Peru-Guano. Together with his wife Elisabeth he founded a family of twelve. In 1880, Elisabeth began to write her diary. Until her death she filled 45 obese notebooks with astonishing regularity. The approximately 20,000 pages provide exciting insights into the life of an up-and-coming family that is firmly integrated into the society of Hamburg's upper middle classes. The pages make it possible to portray Heinrich von Ohlendorff in the mirror of his wife's diaries. At the same time, it is possible to draw a fascinating panoramic picture of the "fine" Hamburg society at the beginning of the 20th century. This is the first biography of this merchant from Hamburg who was one of the donors of the Hamburg Scientific Foundation.Translated with www.DeepL.com/Translator 606 $aHistory$2bicssc 610 $a20th century 610 $adiary 610 $aDovenhof 610 $aElisabeth von Ohlendorff 610 $aFirma Ohlendorff & Co. 610 $aHamburg 19th century 610 $aHamburg Scientific Society 610 $aHeinrich von Ohlendorff 610 $aNorddeutsche Druckerei und Verlagsanstalt Berlin 610 $aOtto von Bismarck 615 7$aHistory 700 $aSchröder$b Hans Joachim$0967061 801 0$bScCtBLL 801 1$bScCtBLL 906 $aBOOK 912 $a9910149667503321 996 $aHeinrich Freiherr von Ohlendorff. Ein Hamburger Kaufmann im Spiegel der Tagebücher seiner Ehefrau Elisabeth$92252530 997 $aUNINA